Economic Analysis of roads maintenance and rehabilitation strategies feasible for roads in pakistan using H.D.M-4 (Record no. 550791)

000 -LEADER
fixed length control field 00416nam a22001337a 4500
082 ## - DEWEY DECIMAL CLASSIFICATION NUMBER
Classification number 429 (A)
-- D
100 ## - MAIN ENTRY--PERSONAL NAME
Personal name Ather Ali
9 (RLIN) 47600
245 ## - TITLE STATEMENT
Title Economic Analysis of roads maintenance and rehabilitation strategies feasible for roads in pakistan using H.D.M-4
260 ## - PUBLICATION, DISTRIBUTION, ETC.
Place of publication, distribution, etc. Nust MCE
Name of publisher, distributor, etc. MCE
Date of publication, distribution, etc. 2009
300 ## - PHYSICAL DESCRIPTION
Extent 135p.:
Dimensions 40cm.
526 ## - STUDY PROGRAM INFORMATION NOTE
Program name 0
Interest level 0
Reading level 0
Title point value 429_000000000000000_A
650 ## - SUBJECT ADDED ENTRY--TOPICAL TERM
Topical term or geographic name entry element Project
9 (RLIN) 47601
942 ## - ADDED ENTRY ELEMENTS (KOHA)
Source of classification or shelving scheme
Koha item type Book
Holdings
Withdrawn status Lost status Source of classification or shelving scheme Damaged status Not for loan Permanent Location Current Location Date acquired Total Checkouts Full call number Barcode Date last seen Price effective from Koha item type Public note
          Military College of Engineering (MCE) Military College of Engineering (MCE) 11/25/2014   429 (A) MCE-P-429(A) 11/25/2014 03/14/2021 Book Project
© 2023 Central Library, National University of Sciences and Technology. All Rights Reserved.